1720 1359 1623 1662 1285 1076 1413 1763 1296 1946 1431 1759 1177 1357 1038 1991 1442 1382 1143 1699 1276 1537 1829 1922 1863 1440 1837 1837 1093 1406 1875 1891 1747 1382 1317 1318 1858 1282 1155 1811 1070 1312 1451 1922 1343 1677 1724 1534 1840 1361 1997 1750 1535 1540 1236 1709 1602 1214 1170 1598 1463 1731 1841 1658 1179 1837 1699 1030 1620 1925 1921 1163 1656 1576 1513 1339 1447 1163 1334 1968 1841 1690 1392 1774 1289 1868 1332 1733 1408 1814 1482 1898 1223 1216 1883 1071 1989 1261 1481 BCNSPRNW ULIB Ver.6.0+V

เปลี่ยนเป็นภาษาไทย

Change to English
 แสดงรายละเอียดบรรณานุกรม
  กลับหน้าหลัก

Brief Record : Get Marc (ISO 2709) : E-mail record : QR code < ปิดหน้าต่าง
LEADER : 00000nam 2200000uu 4500
001    13399111828
003     ULIB
008    110708s2543||||th 000 0 tha d
050 04 HF5549^bว219ก 2543
100 0  วรนารถ แสงมณี
245 10 การบริหารงานบุคคล/^cวรนารถ แสงมณี
250    พิมพ์ครั้งที่ 2
260    กรุงเทพฯ :^bงานตำราและเอกสารการพิมพ์ คณะครุศาสตร์อุตสาหกรรม สถาบันเทคโนโลยีพระจอมเกล้า,^c2543
300    332 หน้า
650  7 การบริหารงานบุคคล
945    ^p250^l0^i014973
945    ^p250^l0^i014974
995    ทศพร
999 ^a ใช้งานได้ทุกระบบ
รายการนี้ยังไม่มีแท็ก
คุณยังไม่ได้ล็อกอิน คุณสามารถมีกิจกรรมร่วมกับเว็บไซต์ได้ แต่ต้องล็อกอินก่อน ::
  ล็อกอิน

รายการสื่อสารสนเทศ

ลำดับที่ ประเภท เลขเรียก/บาร์โค้ด สถานที่ สถานะ
- ไม่พบข้อมูล -

รายการใกล้เคียง
    หัวเรื่อง [การบริหารงานบุคคล]

BibComment


ยังไม่เคยถูกคอมเมนท์

คอมเมนท์ทรัพยากรรายการนี้
  คอมเมนท์: การบริหารงานบุคคล..


 Copyright 2026. Bcnsprnw @Library